The law and the profits / (Record no. 185919)
[ view plain ]
| 000 -LEADER | |
|---|---|
| fixed length control field | 00848 a2200181 4500 |
| 003 - CONTROL NUMBER IDENTIFIER | |
| control field | Nust |
| 005 - DATE AND TIME OF LATEST TRANSACTION | |
| control field | 20230131130219.0 |
| 040 ## - CATALOGING SOURCE | |
| Transcribing agency | Nust |
| 082 ## - DEWEY DECIMAL CLASSIFICATION NUMBER | |
| Classification number | 808.83,PAR |
| 100 ## - MAIN ENTRY--PERSONAL NAME | |
| Personal name | C.Northcote Parkinson |
| 9 (RLIN) | 108223 |
| 245 ## - TITLE STATEMENT | |
| Title | The law and the profits / |
| Statement of responsibility, etc. | C.Northcote Parkinson |
| 260 ## - PUBLICATION, DISTRIBUTION, ETC. | |
| Place of publication, distribution, etc. | Penguin |
| Name of publisher, distributor, etc. | London |
| Date of publication, distribution, etc. | 1960 |
| 300 ## - PHYSICAL DESCRIPTION | |
| Extent | 172 p |
| Other physical details | illus |
| Dimensions | 18 cm |
| 505 ## - FORMATTED CONTENTS NOTE | |
| Formatted contents note | Parking Second Law (Page-11), Ancient and Modern (Page-24), The Tax on Income (Page-35), The Turning Point (Page-45), Recent History (Page-58), The Limits of Taxation (Page-69), The Avoidance of Tax (Page-80), Wasteful War (Page-94), The British Waste Line (Page-111), Waste Measurements (Page-128), The American Bust (Page-145), Profits Without Honour (Page-155). |
| 600 ## - SUBJECT ADDED ENTRY--PERSONAL NAME | |
| Personal name | C.Northcote Parkinson |
| 9 (RLIN) | 108223 |
| 650 ## - SUBJECT ADDED ENTRY--TOPICAL TERM | |
| Topical term or geographic name entry element | The law and the profits |
| 9 (RLIN) | 108224 |
| 942 ## - ADDED ENTRY ELEMENTS (KOHA) | |
| Source of classification or shelving scheme | |
| Koha item type | Book |
| Call number prefix | 808.83,PAR |
| Withdrawn status | Lost status | Source of classification or shelving scheme | Damaged status | Not for loan | Permanent Location | Current Location | Shelving location | Date acquired | Full call number | Barcode | Date last seen | Price effective from | Koha item type | Public note |
|---|---|---|---|---|---|---|---|---|---|---|---|---|---|---|
| Military College of Signals (MCS) | Military College of Signals (MCS) | General Stacks | 12/12/2016 | 808.83,PAR | MCS30208 | 12/08/2016 | 12/12/2016 | Book | Almirah No. 57, Shelf No.1 |
